Hugues Paris, Hubert Stoecklin (2012) Star Wars au risque de la psychanalyse. Dark Vador, adolescent mélancolique ?, Toulouse, Érès (coll. La vie devant eux), 173 p. Compte rendu de Monique Aumage (notice n° 2225642)
[ vue normale ]
| 000 -LEADER | |
|---|---|
| fixed length control field | 02085cam a2200181 4500500 |
| 005 - DATE AND TIME OF LATEST TRANSACTION | |
| control field | 20260426020410.0 |
| 041 ## - LANGUAGE CODE | |
| Language code of text/sound track or separate title | fre |
| 042 ## - AUTHENTICATION CODE | |
| Authentication code | dc |
| 100 10 - MAIN ENTRY--PERSONAL NAME | |
| Personal name | Brun, Jacquelyne |
| Relator term | author |
| 245 00 - TITLE STATEMENT | |
| Title | Hugues Paris, Hubert Stoecklin (2012) Star Wars au risque de la psychanalyse. Dark Vador, adolescent mélancolique ?, Toulouse, Érès (coll. La vie devant eux), 173 p. Compte rendu de Monique Aumage |
| 260 ## - PUBLICATION, DISTRIBUTION, ETC. | |
| Date of publication, distribution, etc. | 2012.<br/> |
| 500 ## - GENERAL NOTE | |
| General note | 7 |
| 520 ## - SUMMARY, ETC. | |
| Summary, etc. | Clément, Kafka et quelques autres, enfants et adultes, aident leur thérapeute à réfléchir sur la différence entre la dénégation et le déni. Ces processus complexes et déroutants sont à l’œuvre chez tous les acteurs d’une thérapie y compris chez le thérapeute. Mais grâce à leurs efforts conjoints pour un changement fécond, une séparation juste peut aussi être, comme le chante Clément, le signe du lien qui permet la vie au lieu de l’étouffer. |
| 520 ## - SUMMARY, ETC. | |
| Summary, etc. | You will never never leave me.Clement, Kafka, and a few others, children and adults help their therapist reflect upon the difference between negation and denial. These complex and confusing processes are at work among all the actors involved in a therapy, including the therapist. However, thanks to their common efforts toward a fecund change, the right separation may also be, as Clement sings it, the sign of the tie that allows life instead of smothering it. |
| 520 ## - SUMMARY, ETC. | |
| Summary, etc. | Mai, mai sarò separato da te.Clément, Kafka e alcuni altri bambini aiutano il loro terapeuta a riflettere sulla differenza tra denegazione e diniego. Questi processi complessi e sconcertanti sono all’opera in tutti gli attori della terapia, terapeuta compreso. Grazie però agli sforzi congiunti per un cambiamento fecondo, una separazione giusta può anche essere, come lo canta Clément, il segno del legame che permette la vita invece di soffocarla. |
| 786 0# - DATA SOURCE ENTRY | |
| Note | Imaginaire & Inconscient | 30 | 2 | 2012-11-01 | p. 152c-158c | 1628-9676 |
| 856 41 - ELECTRONIC LOCATION AND ACCESS | |
| Uniform Resource Identifier | <a href="https://shs.cairn.info/revue-imaginaire-et-inconscient-2012-2-page-152c?lang=fr&redirect-ssocas=7080">https://shs.cairn.info/revue-imaginaire-et-inconscient-2012-2-page-152c?lang=fr&redirect-ssocas=7080</a> |
Pas d'exemplaire disponible.




Réseaux sociaux